English-Tagalog dictionary / (Record no. 353)
[ view plain ]
| 000 -LEADER | |
|---|---|
| fixed length control field | 00719cam a2200253 a 4500 |
| 001 - CONTROL NUMBER | |
| control field | 2902816 |
| 003 - CONTROL NUMBER IDENTIFIER | |
| control field | OSt |
| 005 - DATE AND TIME OF LATEST TRANSACTION | |
| control field | 20140310181627.0 |
| 008 - FIXED-LENGTH DATA ELEMENTS--GENERAL INFORMATION | |
| fixed length control field | 870908s1986 ph d 000 0 eng |
| 010 ## - LIBRARY OF CONGRESS CONTROL NUMBER | |
| LC control number | 87173197 |
| 020 ## - INTERNATIONAL STANDARD BOOK NUMBER | |
| International Standard Book Number | 9710810731 |
| 040 ## - CATALOGING SOURCE | |
| Original cataloging agency | DLC |
| Transcribing agency | DLC |
| Modifying agency | DLC |
| 041 0# - LANGUAGE CODE | |
| Language code of text/sound track or separate title | engtag |
| 050 00 - LIBRARY OF CONGRESS CALL NUMBER | |
| Classification number | PL 6057 |
| Item number | .En36 2002 |
| 100 1# - MAIN ENTRY--PERSONAL NAME | |
| Personal name | English, Leo James. |
| 245 10 - TITLE STATEMENT | |
| Title | English-Tagalog dictionary / |
| Statement of responsibility, etc | English, Leo James. |
| 260 ## - PUBLICATION, DISTRIBUTION, ETC. (IMPRINT) | |
| Place of publication, distribution, etc | Madaluyong City, Philippines : |
| Name of publisher, distributor, etc | National Book Store, |
| Date of publication, distribution, etc | 2001. |
| 300 ## - PHYSICAL DESCRIPTION | |
| Extent | 1211 p. ; |
| Dimensions | 20 cm. |
| Other physical details | ill. ; |
| 650 #0 - SUBJECT ADDED ENTRY--TOPICAL TERM | |
| Topical term or geographic name as entry element | Tagalog language |
| General subdivision | Dictionaries |
| -- | English. |
| 906 ## - LOCAL DATA ELEMENT F, LDF (RLIN) | |
| a | 7 |
| b | cbc |
| c | orignew |
| d | 2 |
| e | ncip |
| f | 19 |
| g | y-gencatlg |
| 942 ## - ADDED ENTRY ELEMENTS (KOHA) | |
| Source of classification or shelving scheme | Library of Congress Classification |
| Koha item type | Books |
| Withdrawn status | Lost status | Source of classification or shelving scheme | Damaged status | Home library | Current library | Shelving location | Date acquired | Total Checkouts | Full call number | Barcode | Date last seen | Copy number | Price effective from | Koha item type | Cost, normal purchase price | Date checked out |
|---|---|---|---|---|---|---|---|---|---|---|---|---|---|---|---|---|
| Library of Congress Classification | College Library | College Library | Reference Section | 02/15/2007 | 1 | PL 6057 .En36 2002 | C1273 | 05/15/2018 | 1 | 10/10/2013 | Books | 395.00 | 03/22/2014 | |||
| Library of Congress Classification | Luxembourg Library | Luxembourg Library | Reference Section | 07/03/2013 | PL 6056 .En58 2001 | 8088 | 08/24/2015 | 1 | 10/03/2013 | Books |